03067 am a2200457 a 450000500170000000800410001702000150005804100080007310000210008124501030010225000940020526000330029930000160033250001360034865300440048465300470052865300490057565300410062465300300066565300290069565300820072465300740080665301200088065301100100065300560111065300560116665300410122265300300126365301120129365300950140565301420150065301260164265301150176865301450188365300680202865300600209665301380215665300930229465301090238765301130249620240507121120.0101001s1981||||ag d f |||| 001 0 spa d a950000500X aspa1 aTranchesi, Joao. 3aEl electrocardiograma normal y patológico.bNociones de vectorcardiografía / cJoao Tranchesi. a4a ed. 1a reimp. en español, de la 5a ed. brasileñabTraducción Osvaldo A. Robiolo. aBuenos Aires: bBeta;c1981. a771 p.bil. aTranchesi, J. (1981). El electrocardiograma normal y patológico. Nociones de vectorcardiografía. (4a ed.). Buenos Aires : Beta. aNociones de electrofisiología celular aActividad eléctrica normal del corazón aElectrocardiógrafos y vectorcardiógrafos aDerivaciones electrocardiográficas aElectrocardiograma normal aVertorcardiograma normal aElectrocardiograma y vertorcardiograma en el recién nacido y en la infancia aElectrocardiograma y certorcardiograma en las sobrecargas auriculares aElectrocardiograma y certorcardiograma en la sobrecarga ventricular izquierda. Indice de oxigenación miocárdica aElectrocardiograma y certorcardiograma en la sobrecarga ventricular derecha y la sobrecarga biventricular aDisritmias cardíacas. Bases electrofisiológicas aElectrocardiograma en las disritmias mas frecuentes aSíndrome de Wolff-Parkinson- White aDerivaciones esofágicas aElectrocardiograma y vectorcardiograma en los trastornos de la conducción intraventricular del estímulo aElectrocardiograma y vectorcardiograma en los bloqueos de la rama izquierda (hemibloqueos) aElectrocardiograma en las perturbaciones de la iirigación miocárdica: infacto de miocardio. Vectores de necrosis, lesión e isquemia aElectrocardiografia y vectorcardiografia en el infacto de miocardio. Diagnóstico topográfico, evolutivo y diferencial aDiagnóstico electro y vectorcardiográfico de infarto de miocardio en presencia de bloqueo completo de rama aElectrocardiograma en la insuficiencia coronaria crónica y en la insuficiencia coronaria aguda. Estudio crítico de la prueba de esfuerzo aEstudio electrocardiográfico de la repolarización auricular aElectrocardiografía en las pericarditis y miocarditis aElectrocardiograma en los disturbios electrolíticos y modificaciones electrocardiográficas ocasionadas por el uso de medicamentos aElectrocardiograma y vectorcardiograma en las valvulopatíasy cardiopatías adquiridas aElectrocardiograma y vectorcardiograma en el enfisema pulmonar y en el "cor pulmonale" crónico y agudo aElectrocardiograma y vectorcardiograma en las anomalñias congénitas del corazón y de los grandes vasos